Dějiny ošklivosti /

Další autoři: Eco, Umberto, 1932-2016, Adámková, Iva, Vacek, Jindřich, 1955-, Pelán, Jiří, 1950-, Chalupská, Gabriela, Vinšová, Kateřina, 1948-, Obstová, Zora, 1972-, Pelánová, Anita, 1950-
Jazyk: Čeština
Vydáno: Praha : Argo, 2015
Témata:
Fyzický popis: 455 stran : ilustrace (převážně barevné), portréty, faksimile ; 21 cm
Knihy
Uloženo v:
LEADER 02611nam a2200625 i 4500
001 nkc20152727926
003 CZ PrNK
005 20190531074456.0
007 ta
008 150831s2015 xr ach f 001 0 cze
015 |a cnb002727926 
020 |a 978-80-257-1434-8  |q (brožováno) 
035 |a (OCoLC)932000088 
040 |a BOA001  |b cze  |d OLA001  |d ABA001  |e rda 
041 1 |a cze  |h ita 
072 7 |a 11  |x Metafyzika  |2 Konspekt  |9 5 
080 |a 111.85  |2 MRF 
080 |a 304  |2 MRF 
080 |a [7.01:111.852](091)  |2 MRF 
080 |a 930.85  |2 MRF 
080 |a (048.8)  |2 MRF 
130 0 |a Storia della bruttezza.  |l Česky  |7 unn2015893306 
245 1 0 |a Dějiny ošklivosti /  |c Umberto Eco (ed.) ; přeložili Iva Adámková, Jindřich Vacek, Jiří Pelán, Gabriela Chalupská, Kateřina Vinšová, Zora Obstová, Anita Pelánová 
264 1 |a Praha :  |b Argo,  |c 2015 
300 |a 455 stran :  |b ilustrace (převážně barevné), portréty, faksimile ;  |c 21 cm 
336 |a text  |b txt  |2 rdacontent 
336 |a statický obraz  |b sti  |2 rdacontent 
337 |a bez média  |b n  |2 rdamedia 
338 |a svazek  |b nc  |2 rdacarrier 
500 |a Přeloženo z italštiny 
504 |a Obsahuje bibliografie a rejstříky 
650 0 7 |a ošklivost  |7 ph361992  |x sociální aspekty  |2 czenas 
650 0 7 |a dějiny estetiky  |7 ph503055  |2 czenas 
650 0 7 |a kulturní dějiny  |7 ph122020  |2 czenas 
650 0 9 |a ugliness  |x social aspects  |2 eczenas 
650 0 9 |a history of aesthetics  |2 eczenas 
650 0 9 |a cultural history  |2 eczenas 
655 7 |a monografie  |7 fd132842  |2 czenas 
655 9 |a monographs  |2 eczenas 
700 1 |a Eco, Umberto,  |d 1932-2016  |7 jn19990001971  |4 edt 
700 1 |a Adámková, Iva  |7 mzk2007381915  |4 trl 
700 1 |a Vacek, Jindřich,  |d 1955-  |7 jn99240001228  |4 trl 
700 1 |a Pelán, Jiří,  |d 1950-  |7 jk01092405  |4 trl 
700 1 |a Chalupská, Gabriela  |7 xx0016381  |4 trl 
700 1 |a Vinšová, Kateřina,  |d 1948-  |7 jn20001227295  |4 trl 
700 1 |a Obstová, Zora,  |d 1972-  |7 jo2003186442  |4 trl 
700 1 |a Pelánová, Anita,  |d 1950-  |7 ola2003193661  |4 trl 
910 2 |a BOA001  |b 2-1355.417 
990 |a BK 
995 |a 01 
991 |b 201511  |c NOV  |e n 
996 6 |b 2610648544  |c 2-1355.417  |l MZK  |r Sklad / do 1 hodiny  |n 10  |p p.v.  |w 001529224  |u 000010  |a 1  |e BOA001  |j MZK50  |s P 
996 6 |b 2610651916  |c 2-1355.417  |l MZK  |r HSS 4p  |n 0  |p kup  |h 11 ECO  |w 001529224  |u 000020  |a 0  |e BOA001  |j MZK50  |s P 
996 7 |b 2610651917  |c 2-1355.417  |l Vol.výběr  |r VV 0p  |n 35  |p kup  |h 11 ECO  |w 001529224  |u 000030  |a 0  |e BOA001  |j MZK50  |s A 
996 7 |b 2610784512  |c 2-1355.417  |l Vol.výběr  |r VV 0p  |n 16  |p kup  |h 11 ECO  |w 001529224  |u 000040  |a 0  |e BOA001  |j MZK50  |s A